Statistics for Countries by Vowels

Click here to take the quiz!

General Stats

  • This quiz has been taken 387 times
  • The average score is 8 of 15

Answer Stats

VowelsCountry% Correct
AU___A_IAAustralia
97%
U_I_E_ __A_E_United States
89%
A__E_IAAlgeria, Armenia
83%
I__IAIndia
83%
I__O_E_IAIndonesia
79%
U__AI_EUkraine
70%
_E_I_OMexico
55%
_A_A_ACanada
51%
_A_A_Japan, Qatar
43%
__I_AChina
36%
__A_I_Brazil
25%
_O__U_A_Portugal, Honduras
24%
_I__A_O_ESingapore
23%
_E_A_O_Lebanon
17%
__I__E__A__Switzerland
12%

Score Distribution

Percentile by Number Answered

Percent of People with Each Score

Your Score History

You have not taken this quiz